00399nam a2200121Ia 45000010005000000080041000050820028000461000060000742450076001342600024002109010028002349990015002623863241024s9999 xx 000 0 und d aRD/375.97293/R426d/2014 aRepublica Dominicana. Ministerio de Educación MINERD. 0aDocumento versión preliminar de las bases de la revisión curricular bSanto Domingoc2014 a17/11/2014 3:57:57 p.m. c8421d8421